000 00423nam a2200157Ia 4500
003 GCL
008 140319s9999 xx 000 0 ara d
040 _aGCL /
_cGCL
082 0 4 _aكاسيت
_b244
100 1 _aعصام العبدالله
245 1 0 _aسطر النمل /
_cعصام العبدالله
260 _a[S.N] :
_bبرنت للطباعة
490 _a
650 0 4 _aشرائط كاسيت
942 _2ddc
_cBK
999 _c28988
_d28988